000 00322 a2200145 4500
001 155990
040 _cEscola São Tomás de Aquino
100 _aARAGÃO, Nilo Sérgio Silva
240 1 0 _aFilosofia
_lpor
245 1 0 _aFilosofia
300 _a56
362 0 _a2017
697 _aFILOSOFIA E PSICOLOGIA
942 _cBK
999 _c155990
_d155990